| 000 | 00514nam a22001577a 4500 | ||
|---|---|---|---|
| 003 | MACL | ||
| 005 | 20240511150406.0 | ||
| 008 | 240511b |||||||| |||| 00| 0 eng d | ||
| 040 | _cMACL | ||
| 082 | _a333 | ||
| 100 |
_aमणि, डाॅ.दिनेश _982364 |
||
| 245 | _aवैश्विक तापमान | ||
| 260 |
_aभोपाल _bआईसेेक्ट पब्लिकेशन _c2022 |
||
| 650 |
_aपर्यावरण विज्ञान _982365 |
||
| 942 |
_2ddc _cHIN |
||
| 999 |
_c66835 _d66835 |
||